| 000 | 01565cam a22004213a 4500 | ||
|---|---|---|---|
| 001 | 6020 | ||
| 003 | FISKH | ||
| 005 | 20250221105802.0 | ||
| 008 | 040513s2004 nyua b 000 1 eng d | ||
| 010 | _a 2003096178 | ||
| 020 | _a0689862601 | ||
| 020 | _a9780689862601 | ||
| 035 | _a(OCoLC)ocm55136123 | ||
| 040 |
_aIEF _cIEF _dLEO _dDLC _beng |
||
| 050 | _aPZ7. | ||
| 082 | _a531 | ||
| 100 | 1 |
_aMcMahon, P. J. _q(1969-) |
|
| 245 | 1 | 4 |
_aThe Freaky Joe Club : _bsecret file #1 : the mystery of the swimming gorilla / _cby P.J. McMahon ; illustrated by John Manders. |
| 246 | 3 | 0 | _aMystery of the swimming gorilla |
| 250 | _aThis edition first published in 2004 | ||
| 260 |
_aNew York : _bAladdin Paperbacks, _c2004. |
||
| 300 |
_a105 pages : _billustrations ; _c20 cm. |
||
| 505 | _aR | ||
| 520 | _aWhen bicycles start disappearing all over Ship's Cove, the Freaky Joe Club has its first case. | ||
| 521 | 8 |
_a650
_bLexile |
|
| 521 | 8 |
_aR
_bRaz-Plus |
|
| 650 |
_2Personal _aChapter book |
||
| 650 |
_2Fiction _aMystery fiction |
||
| 655 | 7 |
_aChildren's stories. _2lcsh |
|
| 655 | 7 |
_aMystery fiction. _2gsafd |
|
| 700 | 1 |
_aManders, John. _dillustrator |
|
| 710 | 2 |
_aCopyright Paperback Collection (Library of Congress) _5DLC |
|
| 856 | 4 | 2 |
_3Publisher description _uhttp://www.loc.gov/catdir/enhancements/fy0631/2003096178-d.html |
| 856 | 4 | 2 |
_3Contributor biographical information _uhttp://www.loc.gov/catdir/enhancements/fy0909/2003096178-b.html |
| 906 |
_a7 _bcbc _ccopycat _d2 _encip _f20 _gy-genrareb |
||
| 942 |
_2ddc _cBK _n0 |
||
| 999 |
_c6020 _d6020 |
||